000 00745nam a2200205Ii 4500
003 JO-AjNU
008 230605s9999||||xx |||||||||||||| ||und||
017 _a1978/2945
040 _aJO-AjNU
_bara
_erda
_cJO-AjNU
041 _aara
050 1 4 _aHT151 .M83 1978
100 3 _aتأليف نور، محمد عبدالمنعم,
_eauthor
_940275
245 0 0 _aالحضارة والتحضر: دراسة اساسية لعلم الاجتماع الحضري
264 3 1 _aالقاهرة: المؤلف، 1978
300 _a270ص
_bيحتوي على ببلوغرافية من 267-270ص
336 _atext
_btxt
_2rdacontent
337 _aunmediated
_bn
_2rdamedia
338 _avolume
_bnc
_2rdacarrier
650 4 _aعلم اجتماع حضري
_940276
999 _aA17077
_c20645
_d20645